Ukraïnci v Sejmi ta Senati Polʹšči (1922-1939)

Titel: Ukraïnci v Sejmi ta Senati Polʹšči (1922-1939) / Oleksandr Zajcev
Verfasser:
Veröffentlicht: Lʹviv : Vydavnyctvo Ukraïnsʹkoho Katolycʹkoho Universytetu, 2022
Umfang: 325 Seiten : Illustrationen ; 22 cm
Format: Buch
Sprache: Ukrainisch
Schlagworte:
ISBN: 9786177608478 ; 6177608477
Buchumschlag
X
alg: 54240398
001A    $03004:25-02-26 
001B    $03004:25-02-26 $t13:20:01.000 
001D    $03004:25-02-26 
001U    $0utf8 
001X    $00 
002@    $0Aau 
002C    $aText $btxt $2rdacontent 
002D    $aohne Hilfsmittel zu benutzen $bn $2rdamedia 
002E    $aBand $bnc $2rdacarrier 
003@    $0542403986 
004A    $A978-617-7608-47-8 
004A    $0617-7608-47-7 
007A    $01827678712 $aKXP 
010@    $aukr 
010E    $erda 
011@    $a2022 $n2022 
021A    $aUkraïnci v Sejmi ta Senati Polʹšči (1922-1939) $T01 $ULatn $hOleksandr Zajcev 
021A    $aУкраïнцi в Сеймi та Сенатi Польщi (1922-1939) $T01 $UCyrl $hОлександр Зайцев 
028A    $BVerfasser $#Зайцев, Олександр Юрiйович $#Zajcev, Oleksandr $#Zajcev, O. Ju. $#Zajcev, O. $#Zaitsev, Oleksandr $#Zaitsev, Oleksandr Iuriiovych $#Zaitsev, O. Iu. $#Zajtsev, Oleksandr $#Зайцев, Олександр $T01 $4aut $ULatn $71058182021 $8Zajcev, Oleksandr Jurijovyč$Z1964- [Tp3] $9347398383 
028A    $BVerfasser $#Зайцев, Олександр Юрiйович $#Zajcev, Oleksandr $#Zajcev, O. Ju. $#Zajcev, O. $#Zaitsev, Oleksandr $#Zaitsev, Oleksandr Iuriiovych $#Zaitsev, O. Iu. $#Zajtsev, Oleksandr $#Зайцев, Олександр $T01 $4aut $UCyrl $71058182021 $8Зайцев, Олександр Юрiйович$Z1964- [Tp3] $9347398383 
033A    $pLʹviv $T01 $ULatn $nVydavnyctvo Ukraïnsʹkoho Katolycʹkoho Universytetu 
033A    $pЛьвiв $T01 $UCyrl $nВидавництво Украïнського Католицького Унiверситету 
034D    $a325 Seiten 
034I    $a22 cm 
034M    $aIllustrationen 
044K    $qK10plus $RPolen $#Senat Polen $#Polen, Rada Senatorska $#Senat Rzeczypospolitej Polskiej $#Polen, Kancelaria Senatu $#Kancelaria Senatu Polen $#Senat der Republik Polen $#Polen, Senat, Biuro Informacyjne $783365-4 $8Polen$bSenat [Tb1] $9040591298 
044K    $qK10plus $RUkrainerin $#Ukrainians $#Ukrainiens $#Ukrainer $#Ukrainer $#Ukrainer $#Kleinrussen $#Ruthenen Ukrainer $74061497-9 $8Ukrainer [Ts1] $908517081X 
045F    $a909 $eDDC23BSB 
045F/01 $a909 
045F/03 $f09042 
045F/03 $f09043 
045F/03 $g438 
045F/03 $g477 
045R    $aGeschichte 1922-1939 
046C    $aUkraïnt︠s︡i v Seĭmi ta Senati Polʹshchi $bTranskriptionsvariante 
046L    $aIn kyrillischer Schrift, Text ukrainisch 

lok: 54240398 24

exp: 54240398 24 1 #EPN
201B/01 $025-02-26 $t13:06:13.000 
201C/01 $025-02-26 
201U/01 $0utf8 
203@/01 $01335662898 
208@/01 $a25-02-26 $bz 
209A/01 $a26.00575 $du $f050 $h26 00575 $x00 
209C/01 $a26.00575 K $h26 00575 K 
209G/01 $a74965520 $x00 
220C/01 $ajwa 
247C/01 $8358050-7 Marburg, Bibliothek des Herder-Instituts Marburg $9102600961
LEADER 00000nam a2200000 c 4500
001 542403986
003 DE-603
005 20260225132001.0
007 tu
008 260225s2022 xx |||| | u00||u|ukr c
020 |a 9786177608478 
020 |a 6177608477 
035 |a (DE-599)KXP1827678712 
040 |a DE-603  |b ger  |c DE-603  |d DE-603  |e rda 
041 |a ukr 
082 0 4 |8 1\u  |a 909  |q DE-101  |2 23/BSB 
085 |8 1\u  |b 909 
085 |8 1\u  |z 1  |s 09042 
085 |8 1\u  |z 1  |s 09043 
085 |8 1\u  |z 2  |s 438 
085 |8 1\u  |z 2  |s 477 
100 1 |6 880-02/Latn  |a Zajcev, Oleksandr Jurijovyč  |d 1964-  |e Verfasser  |4 aut  |0 (DE-603)347398383  |0 (DE-588)1058182021  |2 gnd 
245 0 0 |6 880-01/Latn  |a Ukraïnci v Sejmi ta Senati Polʹšči (1922-1939)  |c Oleksandr Zajcev 
246 1 |i Transkriptionsvariante  |a Ukraïnt︠s︡i v Seĭmi ta Senati Polʹshchi 
264 1 |6 880-03/Latn  |a Lʹviv  |b Vydavnyctvo Ukraïnsʹkoho Katolycʹkoho Universytetu  |c 2022 
300 |a 325 Seiten  |b Illustrationen  |c 22 cm 
336 |a Text  |b txt  |2 rdacontent 
337 |a ohne Hilfsmittel zu benutzen  |b n  |2 rdamedia 
338 |a Band  |b nc  |2 rdacarrier 
546 |a In kyrillischer Schrift, Text ukrainisch 
610 1 7 |a Polen  |b Senat  |2 gnd  |0 (DE-588)83365-4  |0 (DE-603)040591298 
648 7 |a Geschichte 1922-1939  |2 gnd 
650 7 |a Ukrainer  |0 (DE-588)4061497-9  |0 (DE-603)08517081X  |2 gnd 
880 1 |6 264-03/Cyrl  |a Львiв  |b Видавництво Украïнського Католицького Унiверситету  |c 2022 
880 0 0 |6 245-01/Cyrl  |a Украïнцi в Сеймi та Сенатi Польщi (1922-1939)  |c Олександр Зайцев 
880 1 |6 100-02/Cyrl  |a Зайцев, Олександр Юрiйович  |d 1964-  |e Verfasser  |4 aut  |0 (DE-603)347398383  |0 (DE-588)1058182021  |2 gnd 
924 0 |9 Mb 50  |a (DE-603)1335662898  |b DE-Mb50  |c HES  |d c  |g 26.00575